[Event "Blitz 2018"]
[Site "Saint-Petersburg"]
[Date "2018.12.29"]
[Round "7"]
[Board "93"]
[White "Steinberg Nitzan (ISR)"]
[Black "Sokolov Andrei (LAT)"]
[Result "1-0"]
[BlackElo "2507"]
[WhiteElo "2447"]
[LiveChessVersion "1.4.8"]

1. e4 {[%clk 0:03:03]} d6 {[%clk 0:03:04]} 2. d4 {[%clk 0:03:03]} Nf6
{[%clk 0:03:05]} 3. Nc3 {[%clk 0:03:04]} e5 {[%clk 0:03:07]} 4. Nf3
{[%clk 0:03:05]} Nbd7 {[%clk 0:03:08]} 5. Bc4 {[%clk 0:03:06]} Be7
{[%clk 0:03:09]} 6. O-O {[%clk 0:03:07]} O-O {[%clk 0:03:09]} 7. a4
{[%clk 0:03:08]} c6 {[%clk 0:03:11]} 8. h3 {[%clk 0:03:07]} b6 {[%clk 0:03:11]}
9. Qe2 {[%clk 0:03:01]} a6 {[%clk 0:03:08]} 10. Rd1 {[%clk 0:03:00]} Qc7
{[%clk 0:03:09]} 11. Nh4 {[%clk 0:02:54]} exd4 {[%clk 0:02:59]} 12. Rxd4
{[%clk 0:02:53]} Ne5 {[%clk 0:02:54]} 13. Ba2 {[%clk 0:02:54]} Be6
{[%clk 0:02:33]} 14. f4 {[%clk 0:02:53]} Bxa2 {[%clk 0:02:19]} 15. Rxa2
{[%clk 0:02:54]} Ng6 {[%clk 0:02:15]} 16. Nf5 {[%clk 0:02:53]} Rfe8
{[%clk 0:02:16]} 17. Be3 {[%clk 0:02:38]} Bf8 {[%clk 0:02:14]} 18. Qf3
{[%clk 0:02:39]} Rad8 {[%clk 0:01:43]} 19. Ra1 {[%clk 0:02:40]} b5
{[%clk 0:01:39]} 20. axb5 {[%clk 0:02:38]} axb5 {[%clk 0:01:40]} 21. Rad1
{[%clk 0:02:29]} c5 {[%clk 0:01:35]} 22. Nd5 {[%clk 0:02:30]} Nxd5
{[%clk 0:01:34]} 23. Rxd5 {[%clk 0:02:31]} Ne7 {[%clk 0:01:08]} 24. Rxd6
{[%clk 0:02:29]} Nxf5 {[%clk 0:01:03]} 25. Rxd8 {[%clk 0:02:30]} Rxd8 26. Rxd8
{[%clk 0:02:22]} Qxd8 {[%clk 0:00:48]} 27. exf5 {[%clk 0:02:24]} Qe8
{[%clk 0:00:41]} 28. Kf2 {[%clk 0:02:21]} Qd7 {[%clk 0:00:36]} 29. g4
{[%clk 0:02:22]} h5 {[%clk 0:00:34]} 30. Ke2 {[%clk 0:02:20]} hxg4
{[%clk 0:00:35]} 31. hxg4 {[%clk 0:02:22]} g6 {[%clk 0:00:29]} 32. fxg6
{[%clk 0:02:17]} fxg6 {[%clk 0:00:30]} 33. f5 {[%clk 0:02:11]} gxf5
{[%clk 0:00:27]} 34. gxf5 {[%clk 0:02:12]} c4 {[%clk 0:00:21]} 35. Qe4
{[%clk 0:02:02]} Kf7 {[%clk 0:00:20]} 36. Bd4 {[%clk 0:02:00]} b4
{[%clk 0:00:13]} 37. Kf3 {[%clk 0:01:55]} b3 {[%clk 0:00:10]} 38. c3
{[%clk 0:01:32]} Be7 {[%clk 0:00:12]} 39. Kg4 {[%clk 0:01:29]} Bf8
{[%clk 0:00:10]} 40. Qh1 {[%clk 0:01:17]} Ke8 {[%clk 0:00:09]} 41. Qa8+
{[%clk 0:01:13]} Kf7 {[%clk 0:00:10]} 42. Qa6 {[%clk 0:01:07]} Qd5
{[%clk 0:00:05]} 43. Qg6+ {[%clk 0:01:05]} Ke7 {[%clk 0:00:07]} 44. f6+
{[%clk 0:00:49]} Kd7 {[%clk 0:00:06]} 45. Qh7+ {[%clk 0:00:49]} Kc6
{[%clk 0:00:04]} 46. Kg3 {[%clk 0:00:42]} Bd6+ {[%clk 0:00:05]} 47. Kf2
{[%clk 0:00:42]} Qe6 {[%clk 0:00:04]} 48. Qh1+ {[%clk 0:00:42]} Kc7
{[%clk 0:00:03]} 49. Qf3 {[%clk 0:00:42]} Qf7 {[%clk 0:00:03]} 50. Qf5
{[%clk 0:00:40]} Kc6 {[%clk 0:00:04]} 51. Ke2 {[%clk 0:00:33]} Qd7
{[%clk 0:00:03]} 52. Qf3+ {[%clk 0:00:31]} Kb5 {[%clk 0:00:03]} 53. Qd5+
{[%clk 0:00:29]} Ka6 {[%clk 0:00:05]} 54. Qxc4+ Kb7 55. Qxb3+ {[%clk 0:00:31]}
Kc6 {[%clk 0:00:08]} 56. Qa4+ {[%clk 0:00:31]} Kd5 1-0

[Event "Blitz 2018"]
[Site "Saint-Petersburg"]
[Date "2018.12.29"]
[Round "7"]
[Board "94"]
[White "Pogosyan Stefan (RUS)"]
[Black "Makarov Marat (RUS)"]
[Result "1-0"]
[BlackElo "2505"]
[WhiteElo "2330"]
[LiveChessVersion "1.4.8"]

1. d4 {[%clk 0:03:04]} Nf6 {[%clk 0:02:59]} 2. c4 {[%clk 0:03:06]} e6
{[%clk 0:02:59]} 3. Nc3 {[%clk 0:03:07]} Bb4 {[%clk 0:02:59]} 4. Qc2
{[%clk 0:03:09]} c5 {[%clk 0:02:58]} 5. dxc5 {[%clk 0:03:10]} Bxc5
{[%clk 0:02:59]} 6. Nf3 {[%clk 0:03:10]} Qb6 {[%clk 0:03:00]} 7. e3
{[%clk 0:03:08]} Qc7 {[%clk 0:03:01]} 8. Be2 {[%clk 0:03:07]} a6 {[%clk 0:03:00]}
9. O-O {[%clk 0:03:07]} b6 {[%clk 0:03:01]} 10. a3 {[%clk 0:02:56]} Bb7
{[%clk 0:03:00]} 11. b4 {[%clk 0:02:57]} Be7 {[%clk 0:03:01]} 12. Bb2
{[%clk 0:02:58]} d6 {[%clk 0:03:02]} 13. Rfd1 {[%clk 0:02:58]} Nbd7
{[%clk 0:03:03]} 14. e4 {[%clk 0:02:35]} O-O {[%clk 0:03:01]} 15. Bd3
{[%clk 0:02:27]} Rac8 {[%clk 0:02:57]} 16. Qe2 {[%clk 0:02:27]} Ne5
{[%clk 0:02:57]} 17. Nxe5 {[%clk 0:02:22]} dxe5 {[%clk 0:02:58]} 18. Rac1
{[%clk 0:02:23]} Nd7 {[%clk 0:02:58]} 19. f3 {[%clk 0:02:21]} Nb8
{[%clk 0:02:58]} 20. Qf2 {[%clk 0:02:16]} Nc6 {[%clk 0:02:58]} 21. Na4
{[%clk 0:02:14]} Nd4 {[%clk 0:02:12]} 22. Bxd4 {[%clk 0:02:10]} exd4
{[%clk 0:02:13]} 23. Qxd4 {[%clk 0:02:11]} Bf6 {[%clk 0:02:09]} 24. Qf2
{[%clk 0:01:58]} Rfd8 {[%clk 0:02:05]} 25. Kh1 {[%clk 0:01:24]} b5
{[%clk 0:02:02]} 26. Nc5 {[%clk 0:01:13]} Bd4 {[%clk 0:02:03]} 27. Qe2
{[%clk 0:01:11]} Bxc5 {[%clk 0:02:03]} 28. cxb5 {[%clk 0:01:05]} Qf4
{[%clk 0:01:32]} 29. bxc5 {[%clk 0:00:59]} axb5 {[%clk 0:01:33]} 30. Bxb5
{[%clk 0:00:54]} Rxd1+ {[%clk 0:00:46]} 31. Qxd1 {[%clk 0:00:54]} h5
{[%clk 0:00:33]} 32. c6 Ba8 33. Rc2 {[%clk 0:00:30]} h4 {[%clk 0:00:35]} 34. c7
{[%clk 0:00:24]} Kh7 {[%clk 0:00:36]} 35. Qd8 {[%clk 0:00:22]} Qe3
{[%clk 0:00:26]} 36. Qxh4+ {[%clk 0:00:19]} Kg6 {[%clk 0:00:26]} 37. Qg3+
{[%clk 0:00:15]} Kh7 {[%clk 0:00:26]} 38. h3 {[%clk 0:00:11]} Qb3
{[%clk 0:00:23]} 39. Bd7 {[%clk 0:00:08]} Qxc2 {[%clk 0:00:23]} 40. Bxc8
{[%clk 0:00:09]} Qc6 {[%clk 0:00:08]} 41. Kh2 {[%clk 0:00:09]} g6
{[%clk 0:00:08]} 42. Qh4+ {[%clk 0:00:06]} Kg7 {[%clk 0:00:09]} 43. Qd8
{[%clk 0:00:08]} Qc5 {[%clk 0:00:09]} 44. f4 {[%clk 0:00:04]} Qe3
{[%clk 0:00:10]} 45. Qd6 {[%clk 0:00:03]} e5 {[%clk 0:00:09]} 46. Qxe5+
{[%clk 0:00:04]} f6 {[%clk 0:00:10]} 47. Qe7+ {[%clk 0:00:06]} Kh6
{[%clk 0:00:11]} 48. Bg4 {[%clk 0:00:07]} Bxe4 {[%clk 0:00:11]} 49. c8=Q
{[%clk 0:00:08]} 1-0

[Event "Blitz 2018"]
[Site "Saint-Petersburg"]
[Date "2018.12.29"]
[Round "7"]
[Board "95"]
[White "Perdomo Carlos Andres (COL)"]
[Black "Guimaraes Diogo Duarte (BRA)"]
[Result "0-1"]
[BlackElo "2228"]
[WhiteElo "2301"]
[LiveChessVersion "1.4.8"]

1. c4 {[%clk 0:03:03]} c6 {[%clk 0:03:03]} 2. d4 {[%clk 0:03:00]} d5
{[%clk 0:03:04]} 3. Nc3 {[%clk 0:03:01]} dxc4 {[%clk 0:03:05]} 4. e3
{[%clk 0:02:50]} e5 {[%clk 0:02:55]} 5. Bxc4 {[%clk 0:02:38]} exd4
{[%clk 0:02:56]} 6. exd4 {[%clk 0:02:38]} Nf6 {[%clk 0:02:52]} 7. Nf3
{[%clk 0:02:38]} Be7 {[%clk 0:02:47]} 8. O-O {[%clk 0:02:35]} O-O
{[%clk 0:02:47]} 9. h3 {[%clk 0:02:35]} Nbd7 {[%clk 0:02:41]} 10. Re1
{[%clk 0:02:29]} Nb6 {[%clk 0:02:43]} 11. Bb3 {[%clk 0:02:25]} Bf5
{[%clk 0:02:16]} 12. Ne5 {[%clk 0:02:17]} Nbd5 {[%clk 0:02:09]} 13. Qf3
{[%clk 0:02:08]} Be6 {[%clk 0:01:56]} 14. Bg5 {[%clk 0:01:55]} Re8
{[%clk 0:01:07]} 15. Rad1 {[%clk 0:01:55]} Qa5 {[%clk 0:01:05]} 16. Bd2
{[%clk 0:01:41]} Qc7 {[%clk 0:01:01]} 17. Ne4 {[%clk 0:01:36]} Nxe4
{[%clk 0:00:59]} 18. Qxe4 {[%clk 0:01:36]} Nf6 {[%clk 0:01:00]} 19. Qf3
{[%clk 0:01:35]} Bxb3 {[%clk 0:00:59]} 20. Qxb3 {[%clk 0:01:35]} Bd6
{[%clk 0:00:56]} 21. Nc4 {[%clk 0:01:23]} Bh2+ {[%clk 0:00:52]} 22. Kh1
{[%clk 0:01:23]} Bf4 {[%clk 0:00:50]} 23. Bxf4 {[%clk 0:01:05]} Qxf4
{[%clk 0:00:51]} 24. Qxb7 {[%clk 0:00:58]} Qxf2 {[%clk 0:00:46]} 25. Rxe8+
{[%clk 0:00:58]} Rxe8 {[%clk 0:00:48]} 26. Qxc6 {[%clk 0:00:55]} h5
{[%clk 0:00:32]} 27. Ne5 {[%clk 0:00:55]} h4 {[%clk 0:00:23]} 28. Qb7
{[%clk 0:00:50]} Rf8 {[%clk 0:00:20]} 29. a4 {[%clk 0:00:42]} Nh5
{[%clk 0:00:19]} 30. Qf3 {[%clk 0:00:39]} Ng3+ {[%clk 0:00:19]} 31. Kh2
{[%clk 0:00:40]} Qxb2 {[%clk 0:00:18]} 32. Qg4 {[%clk 0:00:35]} Qb3
{[%clk 0:00:08]} 33. Rd3 {[%clk 0:00:30]} Qxa4 {[%clk 0:00:08]} 34. Nd7
{[%clk 0:00:27]} f5 {[%clk 0:00:07]} 35. Qg5 {[%clk 0:00:26]} Qxd7
{[%clk 0:00:08]} 36. Rf3 {[%clk 0:00:26]} Qd6 {[%clk 0:00:09]} 37. Rf4
{[%clk 0:00:26]} Ne2 {[%clk 0:00:07]} 0-1

[Event "Blitz 2018"]
[Site "Saint-Petersburg"]
[Date "2018.12.29"]
[Round "7"]
[Board "96"]
[White "Kobo Ori (ISR)"]
[Black "Jumabayev Rinat (KAZ)"]
[Result "0-1"]
[BlackElo "2554"]
[WhiteElo "2401"]
[LiveChessVersion "1.4.8"]

1. e4 {[%clk 0:03:03]} e5 {[%clk 0:03:03]} 2. Nf3 {[%clk 0:03:04]} Nc6
{[%clk 0:03:05]} 3. Bb5 {[%clk 0:03:05]} a6 {[%clk 0:03:06]} 4. Ba4
{[%clk 0:03:06]} Nf6 {[%clk 0:03:06]} 5. O-O {[%clk 0:03:07]} Be7
{[%clk 0:03:07]} 6. Re1 {[%clk 0:03:08]} b5 {[%clk 0:03:08]} 7. Bb3
{[%clk 0:03:09]} d6 {[%clk 0:03:09]} 8. d4 {[%clk 0:03:09]} Nxd4 {[%clk 0:02:50]}
9. Nxd4 {[%clk 0:03:10]} exd4 {[%clk 0:02:51]} 10. c3 {[%clk 0:03:11]} dxc3
{[%clk 0:02:35]} 11. Nxc3 {[%clk 0:03:12]} O-O {[%clk 0:02:34]} 12. a4
{[%clk 0:03:10]} bxa4 {[%clk 0:02:28]} 13. Rxa4 {[%clk 0:03:06]} Bb7
{[%clk 0:02:29]} 14. Bg5 {[%clk 0:02:56]} Nd7 {[%clk 0:02:28]} 15. Bxe7
{[%clk 0:02:55]} Qxe7 {[%clk 0:02:29]} 16. Nd5 {[%clk 0:02:53]} Qd8
{[%clk 0:02:23]} 17. Bc2 {[%clk 0:02:45]} Nc5 {[%clk 0:02:17]} 18. Ra3
{[%clk 0:02:45]} Bxd5 {[%clk 0:02:04]} 19. exd5 {[%clk 0:02:41]} g6
{[%clk 0:01:57]} 20. Rae3 {[%clk 0:02:33]} Rb8 {[%clk 0:01:56]} 21. Qd4
{[%clk 0:02:29]} Nd7 {[%clk 0:01:35]} 22. b4 {[%clk 0:02:22]} Qf6
{[%clk 0:01:35]} 23. Qc4 {[%clk 0:02:12]} Ne5 {[%clk 0:01:35]} 24. Qc3
{[%clk 0:02:00]} Ng4 {[%clk 0:01:36]} 25. Qxf6 {[%clk 0:02:01]} Nxf6
{[%clk 0:01:37]} 26. Rd1 {[%clk 0:01:30]} Rxb4 {[%clk 0:01:37]} 27. Rc3
{[%clk 0:01:32]} Rb7 {[%clk 0:01:31]} 28. Ba4 {[%clk 0:01:29]} a5
{[%clk 0:01:30]} 29. Bc6 {[%clk 0:01:27]} Ra7 {[%clk 0:01:30]} 30. Ra1
{[%clk 0:01:23]} Rb8 {[%clk 0:01:27]} 31. Rca3 {[%clk 0:01:21]} Rb4
{[%clk 0:01:24]} 32. h3 {[%clk 0:01:16]} a4 {[%clk 0:01:25]} 33. g4
{[%clk 0:01:13]} h6 {[%clk 0:01:23]} 34. Kg2 {[%clk 0:01:05]} Ra5
{[%clk 0:01:24]} 35. Rd3 {[%clk 0:00:54]} Kg7 {[%clk 0:01:21]} 36. f3
{[%clk 0:00:56]} Rc5 {[%clk 0:01:17]} 37. Rxa4 {[%clk 0:00:49]} Nxd5
{[%clk 0:01:07]} 38. Rxd5 {[%clk 0:00:20]} Rxa4 {[%clk 0:01:08]} 39. Rxc5
{[%clk 0:00:21]} Ra2+ {[%clk 0:01:09]} 0-1

[Event "Blitz 2018"]
[Site "Saint-Petersburg"]
[Date "2018.12.29"]
[Round "7"]
[Board "97"]
[White "Ovchinnikov Vsevolod (RUS)"]
[Black "Masrahi Abdulrahman A (KSA)"]
[Result "1-0"]
[BlackElo "1966"]
[WhiteElo "2375"]
[LiveChessVersion "1.4.8"]

1. Nf3 {[%clk 0:03:02]} d5 {[%clk 0:03:03]} 2. e3 {[%clk 0:03:03]} Nf6
{[%clk 0:03:04]} 3. c4 {[%clk 0:03:04]} c6 {[%clk 0:03:04]} 4. b3
{[%clk 0:03:05]} Bf5 {[%clk 0:03:03]} 5. Bb2 {[%clk 0:03:06]} e6 {[%clk 0:03:04]}
6. Nc3 {[%clk 0:03:02]} h6 {[%clk 0:03:05]} 7. d4 {[%clk 0:03:03]} Nbd7
{[%clk 0:03:05]} 8. Bd3 {[%clk 0:03:04]} Bxd3 {[%clk 0:02:59]} 9. Qxd3
{[%clk 0:03:04]} Bd6 {[%clk 0:02:59]} 10. O-O {[%clk 0:03:04]} O-O
{[%clk 0:02:59]} 11. e4 {[%clk 0:03:05]} dxe4 {[%clk 0:02:57]} 12. Nxe4
{[%clk 0:03:05]} Nxe4 {[%clk 0:02:58]} 13. Qxe4 {[%clk 0:03:06]} Qe7
{[%clk 0:02:50]} 14. Rad1 {[%clk 0:03:03]} Rad8 {[%clk 0:02:47]} 15. Rfe1
{[%clk 0:02:56]} Nf6 {[%clk 0:02:38]} 16. Qc2 {[%clk 0:02:57]} Qc7
{[%clk 0:02:23]} 17. g3 {[%clk 0:02:38]} Rfe8 {[%clk 0:02:02]} 18. Re3
{[%clk 0:02:21]} Ng4 {[%clk 0:01:41]} 19. Red3 {[%clk 0:02:19]} Nf6
{[%clk 0:01:29]} 20. a3 {[%clk 0:02:06]} Be7 {[%clk 0:00:50]} 21. Bc1
{[%clk 0:02:02]} c5 {[%clk 0:00:39]} 22. dxc5 {[%clk 0:01:30]} Qxc5
{[%clk 0:00:29]} 23. Rxd8 {[%clk 0:01:24]} Rxd8 {[%clk 0:00:30]} 24. Rxd8+
{[%clk 0:01:25]} Bxd8 {[%clk 0:00:29]} 25. b4 {[%clk 0:01:26]} Qc6
{[%clk 0:00:27]} 26. Qd3 {[%clk 0:01:22]} Be7 {[%clk 0:00:13]} 27. Ne5
{[%clk 0:01:08]} Qc7 {[%clk 0:00:09]} 28. Qd4 {[%clk 0:00:55]} Bd6
{[%clk 0:00:09]} 29. Nf3 {[%clk 0:00:20]} a6 {[%clk 0:00:10]} 30. c5
{[%clk 0:00:19]} Be7 {[%clk 0:00:09]} 31. Bf4 {[%clk 0:00:19]} Qc6
{[%clk 0:00:10]} 32. Ne5 {[%clk 0:00:19]} Qd5 {[%clk 0:00:10]} 33. Qxd5
{[%clk 0:00:18]} Nxd5 {[%clk 0:00:11]} 34. Bd2 {[%clk 0:00:14]} Kf8
{[%clk 0:00:08]} 35. Kf1 {[%clk 0:00:14]} Ke8 {[%clk 0:00:09]} 36. Ke2
{[%clk 0:00:14]} f6 {[%clk 0:00:09]} 37. Nc4 {[%clk 0:00:15]} Kd7
{[%clk 0:00:09]} 38. Kd3 {[%clk 0:00:13]} Kc6 {[%clk 0:00:06]} 39. Na5+
{[%clk 0:00:13]} Kc7 {[%clk 0:00:07]} 40. Nb3 {[%clk 0:00:13]} Kc6
{[%clk 0:00:06]} 41. Kc4 {[%clk 0:00:11]} b6 {[%clk 0:00:05]} 42. Nd4+
{[%clk 0:00:09]} Kc7 {[%clk 0:00:06]} 43. Nxe6+ {[%clk 0:00:10]} Kc6
{[%clk 0:00:04]} 44. Nd4+ {[%clk 0:00:11]} 1-0

[Event "Blitz 2018"]
[Site "Saint-Petersburg"]
[Date "2018.12.29"]
[Round "7"]
[Board "98"]
[White "Gaifullin Artur (RUS)"]
[Black "Al Turky Fahad A (KSA)"]
[Result "1-0"]
[BlackElo "1851"]
[WhiteElo "2231"]
[LiveChessVersion "1.4.8"]

1. d4 {[%clk 0:03:02]} Nf6 {[%clk 0:03:01]} 2. c4 {[%clk 0:03:03]} g6
{[%clk 0:03:00]} 3. Nc3 {[%clk 0:03:04]} Bg7 {[%clk 0:03:01]} 4. e4
{[%clk 0:03:05]} d6 {[%clk 0:02:59]} 5. Nge2 {[%clk 0:03:04]} O-O
{[%clk 0:02:54]} 6. Ng3 {[%clk 0:03:05]} e5 {[%clk 0:02:43]} 7. d5
{[%clk 0:03:06]} Ne8 {[%clk 0:02:05]} 8. Be2 {[%clk 0:02:52]} f5 {[%clk 0:02:04]}
9. exf5 {[%clk 0:02:46]} Bxf5 {[%clk 0:02:04]} 10. Nxf5 {[%clk 0:02:39]} gxf5
{[%clk 0:02:01]} 11. f4 {[%clk 0:02:31]} e4 {[%clk 0:01:47]} 12. Be3
{[%clk 0:02:31]} Nd7 {[%clk 0:01:44]} 13. Qd2 {[%clk 0:02:22]} Nef6
{[%clk 0:01:20]} 14. O-O-O {[%clk 0:02:15]} a6 {[%clk 0:01:08]} 15. h3
{[%clk 0:02:07]} b5 {[%clk 0:01:04]} 16. g4 {[%clk 0:02:07]} fxg4
{[%clk 0:00:54]} 17. hxg4 {[%clk 0:02:08]} Nc5 {[%clk 0:00:51]} 18. g5
{[%clk 0:02:04]} Nfd7 {[%clk 0:00:47]} 19. Bg4 {[%clk 0:01:54]} Nd3+
{[%clk 0:00:36]} 20. Kb1 {[%clk 0:01:54]} Nb6 {[%clk 0:00:37]} 21. Be6+
{[%clk 0:01:53]} Kh8 {[%clk 0:00:37]} 22. f5 {[%clk 0:01:46]} Nxc4
{[%clk 0:00:34]} 23. Rxh7+ {[%clk 0:01:46]} Kxh7 {[%clk 0:00:31]} 24. Qh2+
{[%clk 0:01:47]} Bh6 {[%clk 0:00:32]} 25. Qxh6# {[%clk 0:01:47]} 1-0

[Event "Blitz 2018"]
[Site "Saint-Petersburg"]
[Date "2018.12.29"]
[Round "7"]
[Board "99"]
[White "Mamatov Melis (KGZ)"]
[Black "Khayat Abdullah F (KSA)"]
[Result "1-0"]
[BlackElo "1709"]
[WhiteElo "2213"]
[LiveChessVersion "1.4.8"]

1. e4 {[%clk 0:03:03]} d5 {[%clk 0:03:01]} 2. exd5 {[%clk 0:03:04]} Nf6
{[%clk 0:02:59]} 3. d4 {[%clk 0:03:05]} Nxd5 {[%clk 0:02:58]} 4. c4
{[%clk 0:03:07]} Nf6 {[%clk 0:02:57]} 5. Nf3 {[%clk 0:03:07]} c5 {[%clk 0:02:54]}
6. d5 {[%clk 0:02:59]} e6 {[%clk 0:02:52]} 7. Nc3 {[%clk 0:02:59]} exd5
{[%clk 0:02:32]} 8. cxd5 {[%clk 0:03:00]} Bd6 {[%clk 0:02:29]} 9. Bb5+
{[%clk 0:02:59]} Bd7 {[%clk 0:02:27]} 10. O-O {[%clk 0:02:32]} O-O
{[%clk 0:02:25]} 11. Bg5 {[%clk 0:02:31]} h6 {[%clk 0:02:21]} 12. Bh4
{[%clk 0:02:32]} Bg4 {[%clk 0:01:47]} 13. Ne4 {[%clk 0:01:46]} g5
{[%clk 0:01:15]} 14. Nxd6 {[%clk 0:01:41]} Qxd6 {[%clk 0:01:09]} 15. Bg3
{[%clk 0:01:39]} Qxd5 {[%clk 0:00:57]} 16. Qxd5 {[%clk 0:01:40]} Nxd5
{[%clk 0:00:57]} 17. Ne5 {[%clk 0:01:32]} Be6 {[%clk 0:00:52]} 18. Rac1
{[%clk 0:01:28]} a6 {[%clk 0:00:53]} 19. Bd3 {[%clk 0:01:24]} Nb4
{[%clk 0:00:33]} 20. Be4 {[%clk 0:01:13]} f5 {[%clk 0:00:24]} 21. a3
{[%clk 0:00:51]} N4c6 {[%clk 0:00:13]} 22. Bxc6 {[%clk 0:00:43]} Nxc6
{[%clk 0:00:13]} 23. Nxc6 {[%clk 0:00:43]} f4 {[%clk 0:00:09]} 24. Ne5
{[%clk 0:00:35]} fxg3 {[%clk 0:00:08]} 25. hxg3 {[%clk 0:00:35]} Kg7
{[%clk 0:00:05]} 26. Rxc5 {[%clk 0:00:36]} Rae8 {[%clk 0:00:04]} 27. Rc7+
{[%clk 0:00:36]} Kg8 {[%clk 0:00:05]} 28. f4 {[%clk 0:00:29]} gxf4
{[%clk 0:00:05]} 29. gxf4 {[%clk 0:00:31]} Bd5 {[%clk 0:00:06]} 30. Rd7
{[%clk 0:00:27]} Bc6 {[%clk 0:00:06]} 31. Rd6 {[%clk 0:00:28]} Rxe5
{[%clk 0:00:05]} 32. fxe5 {[%clk 0:00:27]} Kg7 {[%clk 0:00:00]} 1-0

[Event "Blitz 2018"]
[Site "Saint-Petersburg"]
[Date "2018.12.29"]
[Round "7"]
[Board "100"]
[White "Al Thebaiti Ahmed M (KSA)"]
[Black "Alsulaymi Abdullah M (KSA)"]
[Result "0-1"]
[BlackElo "1833"]
[WhiteElo "1976"]
[LiveChessVersion "1.4.8"]

1. d4 {[%clk 0:03:02]} c5 {[%clk 0:03:03]} 2. d5 {[%clk 0:03:02]} e5
{[%clk 0:03:05]} 3. c4 {[%clk 0:03:03]} Nf6 {[%clk 0:03:01]} 4. Nc3
{[%clk 0:03:04]} d6 {[%clk 0:03:00]} 5. e4 {[%clk 0:03:05]} Be7 {[%clk 0:02:54]}
6. Bd3 {[%clk 0:03:06]} O-O {[%clk 0:02:54]} 7. Nge2 {[%clk 0:03:07]} Nbd7
{[%clk 0:02:55]} 8. O-O {[%clk 0:03:06]} a6 {[%clk 0:02:55]} 9. a4
{[%clk 0:03:05]} Ne8 {[%clk 0:02:46]} 10. Ng3 {[%clk 0:02:51]} g6
{[%clk 0:02:43]} 11. Bh6 {[%clk 0:02:51]} Ng7 {[%clk 0:02:43]} 12. a5
{[%clk 0:02:45]} Bg5 {[%clk 0:02:40]} 13. Bxg5 {[%clk 0:02:34]} Qxg5
{[%clk 0:02:40]} 14. Qc1 {[%clk 0:02:26]} Qh4 {[%clk 0:02:30]} 15. Rb1
{[%clk 0:01:44]} f5 {[%clk 0:02:30]} 16. b4 {[%clk 0:01:26]} f4 {[%clk 0:02:31]}
17. Nge2 {[%clk 0:01:08]} f3 {[%clk 0:02:32]} 18. Ng3 {[%clk 0:01:03]} fxg2
{[%clk 0:02:31]} 19. Kxg2 {[%clk 0:00:56]} Nf6 {[%clk 0:02:32]} 20. Rh1
{[%clk 0:00:30]} Bh3+ {[%clk 0:02:25]} 21. Kg1 {[%clk 0:00:24]} Ng4
{[%clk 0:02:26]} 22. Nd1 {[%clk 0:00:17]} Nxf2 {[%clk 0:02:12]} 23. Nxf2
{[%clk 0:00:15]} Rxf2 {[%clk 0:02:12]} 24. Kxf2 {[%clk 0:00:13]} Nh5
{[%clk 0:02:10]} 25. Qe3 {[%clk 0:00:08]} Nf4 {[%clk 0:02:09]} 26. bxc5
{[%clk 0:00:04]} Rf8 {[%clk 0:02:07]} 27. Ke1 {[%clk 0:00:06]} Ng2+
{[%clk 0:02:07]} 28. Kd2 {[%clk 0:00:05]} Nxe3 {[%clk 0:02:08]} 29. Kxe3 Qf4+ 30.
Ke2 {[%clk 0:00:04]} Bg4+ {[%clk 0:02:05]} 0-1

[Event "Blitz 2018"]
[Site "Saint-Petersburg"]
[Date "2018.12.29"]
[Round "8"]
[Board "2"]
[White "Jobava Baadur (GEO)"]
[Black "Aronian Levon (ARM)"]
[Result "0-1"]
[BlackElo "2858"]
[WhiteElo "2705"]
[LiveChessVersion "1.4.8"]

1. b3 {[%clk 0:03:03]} d5 {[%clk 0:03:02]} 2. Bb2 {[%clk 0:03:04]} c6
{[%clk 0:03:02]} 3. e3 {[%clk 0:03:05]} Bf5 {[%clk 0:03:02]} 4. f4
{[%clk 0:03:01]} e6 {[%clk 0:02:55]} 5. Nf3 {[%clk 0:03:02]} Nd7 {[%clk 0:02:48]}
6. g3 {[%clk 0:03:01]} Ngf6 {[%clk 0:02:46]} 7. Bg2 {[%clk 0:03:02]} Bd6
{[%clk 0:02:35]} 8. O-O {[%clk 0:03:02]} O-O {[%clk 0:02:35]} 9. h3
{[%clk 0:02:59]} h6 {[%clk 0:02:33]} 10. g4 {[%clk 0:03:00]} Bh7 {[%clk 0:02:34]}
11. d3 {[%clk 0:03:01]} Qb6 {[%clk 0:02:14]} 12. d4 {[%clk 0:02:15]} Ne4
{[%clk 0:02:03]} 13. Nbd2 {[%clk 0:02:13]} Bb4 {[%clk 0:01:54]} 14. Nxe4
{[%clk 0:01:53]} Bxe4 {[%clk 0:01:54]} 15. c4 {[%clk 0:01:48]} Be7
{[%clk 0:01:48]} 16. c5 {[%clk 0:01:44]} Qc7 {[%clk 0:01:44]} 17. b4
{[%clk 0:01:22]} a5 {[%clk 0:01:44]} 18. a3 {[%clk 0:01:24]} b6 {[%clk 0:01:38]}
19. Nd2 {[%clk 0:01:12]} Bxg2 {[%clk 0:01:35]} 20. Kxg2 {[%clk 0:01:14]} Qb7
{[%clk 0:01:25]} 21. Qc2 {[%clk 0:01:13]} f5 {[%clk 0:01:18]} 22. Bc3
{[%clk 0:01:10]} Qa6 {[%clk 0:01:04]} 23. Nf3 {[%clk 0:01:07]} Qc4
{[%clk 0:00:51]} 24. Qd2 {[%clk 0:01:03]} axb4 {[%clk 0:00:47]} 25. axb4
{[%clk 0:01:05]} Qb5 {[%clk 0:00:48]} 26. Qc2 {[%clk 0:00:42]} fxg4
{[%clk 0:00:35]} 27. hxg4 {[%clk 0:00:43]} Nf6 {[%clk 0:00:37]} 28. Ne5
{[%clk 0:00:33]} Ne4 {[%clk 0:00:38]} 29. Ng6 {[%clk 0:00:29]} Rxa1
{[%clk 0:00:39]} 30. Nxe7+ {[%clk 0:00:25]} Kf7 {[%clk 0:00:40]} 31. Rxa1
{[%clk 0:00:24]} Kxe7 {[%clk 0:00:42]} 32. Be1 {[%clk 0:00:20]} Kf6
{[%clk 0:00:28]} 33. cxb6 {[%clk 0:00:18]} Qxb6 {[%clk 0:00:27]} 34. Qa4
{[%clk 0:00:15]} g5 {[%clk 0:00:21]} 35. Rc1 {[%clk 0:00:13]} Qb5
{[%clk 0:00:20]} 36. Qxb5 {[%clk 0:00:13]} cxb5 {[%clk 0:00:22]} 37. Rc6
{[%clk 0:00:14]} Ra8 {[%clk 0:00:16]} 38. f5 {[%clk 0:00:15]} Re8
{[%clk 0:00:13]} 39. Rb6 {[%clk 0:00:16]} h5 {[%clk 0:00:14]} 40. Kf3
{[%clk 0:00:13]} h4 {[%clk 0:00:12]} 41. Kg2 {[%clk 0:00:11]} Kf7
{[%clk 0:00:13]} 42. fxe6+ {[%clk 0:00:07]} Rxe6 {[%clk 0:00:15]} 43. Rxb5
{[%clk 0:00:08]} Nf6 {[%clk 0:00:16]} 44. Bf2 {[%clk 0:00:06]} Nxg4
{[%clk 0:00:15]} 45. Rxd5 {[%clk 0:00:06]} Kg6 {[%clk 0:00:16]} 46. b5
{[%clk 0:00:03]} Nxe3+ {[%clk 0:00:15]} 47. Bxe3 {[%clk 0:00:04]} Rxe3
{[%clk 0:00:16]} 48. Rc5 0-1